[Event "RUS-ch Silent"]
[Site "Zelenograd"]
[Date "2022.04.13"]
[Round "5"]
[White "Petrenko, Mikhail"]
[Black "Fomichev, Sergey1111"]
[Result "1-0"]
[WhiteElo "1878"]
[BlackElo "1914"]
[PlyCount "95"]
[EventDate "2022.04.09"]
[EventType "swiss"]
[EventRounds "11"]
[EventCountry "RUS"]
[SourceTitle "EXT 2023"]
[Source "ChessBase"]
[SourceDate "2022.10.05"]
[SourceVersion "1"]
[SourceVersionDate "2022.10.05"]
[SourceQuality "1"]

1. e4 c5 2. f4 Nc6 3. Nf3 e6 4. Bb5 Qc7 5. d3 a6 6. Bxc6 bxc6 7. c4 d5 8. Nc3 Bb7 9. 0-0 g6 10. Na4 d4 11. b3 Nf6 12. Bd2 Nd7 13. e5 h5 14. Ng5 Be7 15. Ne4 Rb8 16. Bc1 Ba8 17. Ba3 Qa7 18. Qd2 a5 19. g3 Bb7 20. h3 Ba8 21. Rf2 Kd8 22. Qe1 Kc7 23. Rb1 Kd8 24. Rh2 Kc7 25. Rbb2 h4 26. g4 g5 27. Nxg5 Bxg5 28. fxg5 Rbg8 29. Rhf2 Rh7 30. Qe4 Rhg7 31. Rb1 Kd8 32. Nxc5 Nxc5 33. Qxd4+ Ke8 34. Bxc5 Qd7 35. Qxd7+ Kxd7 36. Rbf1 Ke8 37. d4 Rh7 38. Rf6 Rxg5 39. R1f4 Bb7 40. Bd6 Rgg7 41. Bc7 a4 42. Bd6 Kd7 43. Bf8 Rg5 44. Rxf7+ Rxf7 45. Rxf7+ Kc8 46. Bd6 Ba8 47. Rc7+ Kd8 48. Ra7 1-0

[Event "RUS-ch Silent"]
[Site "Zelenograd"]
[Date "2019.04.12"]
[Round "10"]
[White "Solovey, Vjacheslav"]
[Black "Petrenko, Mikhail"]
[Result "1/2-1/2"]
[WhiteElo "1722"]
[BlackElo "1932"]
[PlyCount "116"]
[EventDate "2019.04.03"]
[EventType "swiss"]
[EventRounds "11"]
[EventCountry "RUS"]
[SourceTitle "CBM 190 Extra"]
[Source "ChessBase"]
[SourceDate "2019.07.15"]
[SourceVersion "1"]
[SourceVersionDate "2019.07.15"]
[SourceQuality "1"]

1. Nf3 d5 2. d4 Nf6 3. e3 c6 4. h3 Bf5 5. Bd3 Bg6 6. Ne5 e6 7. 0-0 Bd6 8. f4 Ne4 9. Nxg6 hxg6 10. Bxe4 dxe4 11. Nc3 f5 12. Qe1 Qf6 13. Ne2 g5 14. fxg5 Qxg5 15. Nf4 Bxf4 16. exf4 Qg6 17. Kh2 Nd7 18. Qg3 Qxg3+ 19. Kxg3 Nf6 20. c3 Kf7 21. Be3 Nd5 22. Rfe1 Rad8 23. Kf2 Kf6 24. a3 Rd7 25. Rad1 Rhd8 26. Rd2 Nb6 27. b3 a5 28. a4 Nd5 29. Rc1 Nc7 30. Ke2 Nd5 31. h4 Rh8 32. g3 Rh6 33. Rb2 Rg6 34. Bf2 Ke7 35. b4 axb4 36. cxb4 e3 37. Be1 Nxf4+ 38. Kxe3 Nh5 39. b5 cxb5 40. Rxb5 Nxg3 41. Rcb1 Ne4 42. Rxb7 Nd6 43. Rxd7+ Kxd7 44. a5 Rg4 45. a6 Nc8 46. a7 Nxa7 47. Rb7+ Ke8 48. Rxa7 Re4+ 49. Kd2 Rxd4+ 50. Ke2 Re4+ 51. Kf1 Rg4 52. Ke2 e5 53. Ra5 Re4+ 54. Kf1 Kf7 55. Ra6 Rf4+ 56. Ke2 g6 57. Ra7+ Ke6 58. Ra6+ Kf7 1/2-1/2

[Event "RUS-ch Silent"]
[Site "Zelenograd"]
[Date "2018.10.25"]
[Round "1"]
[White "Ibatullin, Timur"]
[Black "Petrenko, Mikhail"]
[Result "1/2-1/2"]
[WhiteElo "1282"]
[BlackElo "1925"]
[PlyCount "119"]
[EventDate "2018.10.25"]
[EventType "swiss"]
[EventRounds "11"]
[EventCountry "RUS"]
[SourceTitle "EXT 2020"]
[Source "ChessBase"]
[SourceDate "2019.10.17"]
[SourceVersion "1"]
[SourceVersionDate "2019.10.17"]
[SourceQuality "1"]

1. e4 c5 2. Nc3 d6 3. Nf3 Nf6 4. Bc4 Nc6 5. Bb5 Bd7 6. Bxc6 Bxc6 7. d3 e6 8. 0-0 Be7 9. Re1 Qc7 10. Ne2 0-0 11. Ng3 Rfd8 12. Be3 Rac8 13. Qd2 b5 14. h3 c4 15. Nh4 Nxe4 16. dxe4 Bxh4 17. Bg5 Bxg5 18. Qxg5 f6 19. Qg4 Qf7 20. Rad1 d5 21. e5 f5 22. Qg5 Rd7 23. Rd4 Qe7 24. Qxe7 Rxe7 25. Re3 a5 26. Nh5 Be8 27. Ng3 Rb7 28. h4 b4 29. Ne2 Ba4 30. b3 cxb3 31. cxb3 Bd7 32. Rd2 Rbc7 33. Nd4 Rc1+ 34. Kh2 Ra1 35. Ree2 Rcc1 36. f4 Rc3 37. Rc2 Rc1 38. Rxc3 Rxc3 39. Rc2 Rxc2 40. Nxc2 Kf7 41. Nd4 Ke7 42. Kg3 h5 43. Kf3 Kd8 44. Ke3 Kc7 45. Kd3 Kb6 46. g3 Kc5 47. Ke3 Bc8 48. Kd3 Kb6 49. Ke3 Kc7 50. Kd2 Kd7 51. Ke3 Ba6 52. Kd2 Bf1 53. Ke3 Bg2 54. Kd2 Be4 55. Kc1 Bd3 56. Nf3 Bb5 57. Nd4 Ba6 58. Kd2 Bc8 59. Ke3 Kc7 60. Kd2 1/2-1/2

[Event "RUS-ch Silent"]
[Site "Zelenograd"]
[Date "2017.09.23"]
[Round "7"]
[White "Rylov, Vjacheslav"]
[Black "Petrenko, Mikhail"]
[Result "1-0"]
[WhiteElo "1935"]
[BlackElo "1948"]
[PlyCount "79"]
[EventDate "2017.09.19"]
[EventType "swiss"]
[EventRounds "11"]
[EventCountry "RUS"]
[SourceTitle "EXT 2019"]
[Source "ChessBase"]
[SourceDate "2018.10.10"]
[SourceVersion "1"]
[SourceVersionDate "2018.10.10"]
[SourceQuality "1"]

1. e4 c5 2. Nf3 d6 3. d4 cxd4 4. Nxd4 Nf6 5. Nc3 a6 6. h3 e5 7. Nf3 Be7 8. Be3 h6 9. Be2 Be6 10. Qd2 b5 11. a3 Qc7 12. 0-0 Qb7 13. Bd3 Nbd7 14. Rfd1 Rc8 15. Ne1 Nc5 16. Bxc5 dxc5 17. f3 c4 18. Bf1 Qa7+ 19. Kh2 Nh5 20. g3 0-0 21. Qe2 Bc5 22. Rd2 Bf2 23. Qxf2 Qxf2+ 24. Rxf2 Rfd8 25. Rd1 Rxd1 26. Nxd1 Rd8 27. Nc3 g5 28. Ng2 f6 29. Ne3 Kf7 30. Nf5 Kg6 31. Kg2 Ng7 32. Nxg7 Kxg7 33. Re2 Kg6 34. Kf2 Kh5 35. Ke3 b4 36. axb4 Rb8 37. Nd5 Bxd5 38. exd5 Rxb4 39. c3 f5 40. cxb4 1-0

[Event "Zelenograd-ch"]
[Site "Zelenograd"]
[Date "2016.09.22"]
[Round "6"]
[White "Petrenko, Mikhail"]
[Black "Ionov, Yuri"]
[Result "1-0"]
[WhiteElo "1896"]
[BlackElo "1962"]
[PlyCount "47"]
[EventDate "2016.09.19"]
[EventType "swiss"]
[EventRounds "11"]
[EventCountry "RUS"]
[SourceTitle "EXT 2017"]
[Source "ChessBase"]
[SourceDate "2016.10.25"]
[SourceVersion "1"]
[SourceVersionDate "2016.10.25"]
[SourceQuality "1"]

1. e4 c5 2. f4 d6 3. Bb5+ Bd7 4. Bxd7+ Qxd7 5. Nf3 Nc6 6. c4 g6 7. 0-0 Bg7 8. Nc3 Bd4+ 9. Kh1 e5 10. d3 Nge7 11. Nd5 Nxd5 12. cxd5 Ne7 13. fxe5 dxe5 14. Qe2 Nc8 15. Bh6 Qe7 16. Ng5 Nd6 17. Bg7 Qxg5 18. Bxh8 h5 19. Bf6 Qh6 20. h4 b5 21. Bg5 Qg7 22. Rf6 Kd7 23. Raf1 Kc7 24. b4 1-0

[Event "Zelenograd-ch"]
[Site "Zelenograd"]
[Date "2016.09.21"]
[Round "5"]
[White "Petrenko, Mikhail"]
[Black "Sokolov, Yury A"]
[Result "0-1"]
[WhiteElo "1896"]
[BlackElo "1816"]
[PlyCount "148"]
[EventDate "2016.09.19"]
[EventType "swiss"]
[EventRounds "11"]
[EventCountry "RUS"]
[SourceTitle "EXT 2017"]
[Source "ChessBase"]
[SourceDate "2016.10.25"]
[SourceVersion "1"]
[SourceVersionDate "2016.10.25"]
[SourceQuality "1"]

1. e4 c5 2. Nf3 d6 3. d4 cxd4 4. Nxd4 Nf6 5. Nc3 a6 6. Be2 e5 7. Nf3 Be7 8. 0-0 h6 9. h3 b5 10. a3 Bb7 11. Bd3 0-0 12. Be3 Nbd7 13. Nh2 Nc5 14. f3 Qc7 15. Qe1 Rfd8 16. Qf2 d5 17. exd5 Nxd3 18. cxd3 Bxd5 19. Rac1 Qd6 20. b4 Bb3 21. Bc5 Qd7 22. Bxe7 Qxe7 23. Ne4 Nxe4 24. dxe4 Rd4 25. Ng4 f6 26. Qg3 Kh7 27. Ne3 Qa7 28. Kh2 Rad8 29. Rc5 Rd3 30. Re1 R8d7 31. h4 Rc7 32. h5 Rxc5 33. Qg6+ Kh8 34. Qe8+ Bg8 35. bxc5 Qf7 36. Qxf7 Bxf7 37. Nf5 Rc3 38. Nd6 Bxh5 39. Nb7 Be8 40. Rd1 Bc6 41. Rd8+ Kh7 42. Na5 Rxc5 43. Rc8 Rc3 44. Nxc6 a5 45. Na7 b4 46. axb4 Rxc8 47. Nxc8 axb4 48. Nb6 g6 49. Kg3 b3 50. Nc4 f5 51. Kf2 fxe4 52. fxe4 Kg7 53. Kf3 Kf6 54. g3 h5 55. Kg2 g5 56. Kf3 Ke6 57. Ke3 Kf6 58. Kf3 g4+ 59. Kf2 Kg5 60. Kg2 h4 61. Kh2 h3 62. Kh1 Kf6 63. Kh2 Ke7 64. Kh1 Kd8 65. Kh2 Kc7 66. Nxe5 b2 67. Nxg4 b1Q 68. Kxh3 Qh1+ 69. Nh2 Qxe4 70. Ng4 Qh1+ 71. Nh2 Kd6 72. g4 Ke5 73. Kg3 Qg1+ 74. Kh3 Kf4 0-1

[Event "RUS-ch Silent"]
[Site "Zelenograd"]
[Date "2015.06.02"]
[Round "1"]
[White "Malyuga, Valentin"]
[Black "Petrenko, Mikhail"]
[Result "1-0"]
[WhiteElo "2105"]
[BlackElo "1869"]
[PlyCount "85"]
[EventDate "2015.06.02"]
[EventType "swiss"]
[EventRounds "11"]
[EventCountry "RUS"]
[SourceTitle "EXT 2018"]
[Source "ChessBase"]
[SourceDate "2017.10.13"]
[SourceVersion "1"]
[SourceVersionDate "2017.10.13"]
[SourceQuality "1"]

1. Nf3 d5 2. d4 e6 3. Bf4 c6 4. e3 Nf6 5. Bd3 Bd6 6. Ne5 Qc7 7. Nd2 Nbd7 8. Nxd7 Bxd7 9. Bxd6 Qxd6 10. f4 c5 11. c3 Qb6 12. Qb3 c4 13. Qxb6 axb6 14. Bc2 0-0 15. 0-0 Ng4 16. Rfe1 f5 17. Nf3 Rfc8 18. h3 Nf6 19. Ne5 Ba4 20. b3 cxb3 21. axb3 Bc6 22. g4 g6 23. gxf5 exf5 24. Bd3 Ne4 25. Bxe4 fxe4 26. c4 b5 27. cxb5 Rxa1 28. Rxa1 Bxb5 29. Ra5 Rc1+ 30. Kf2 Rc2+ 31. Kg3 Bc6 32. Rc5 Re2 33. Rc3 Kg7 34. h4 h5 35. b4 Ba4 36. f5 gxf5 37. Rc7+ Kf6 38. Rxb7 Rxe3+ 39. Kf4 Rc3 40. Rb6+ Ke7 41. Kxf5 e3 42. Ng6+ Kd7 43. Nf4 1-0

[Event "Omsk Half op"]
[Site "Omsk"]
[Date "2014.12.03"]
[Round "1"]
[White "Patrashov, Edisher"]
[Black "Petrenko, Mikhail"]
[Result "1-0"]
[WhiteElo "1762"]
[BlackElo "1821"]
[PlyCount "87"]
[EventDate "2014.12.03"]
[EventType "swiss"]
[EventRounds "9"]
[EventCountry "RUS"]
[SourceTitle "EXT 2023"]
[Source "ChessBase"]
[SourceDate "2022.10.05"]
[SourceVersion "1"]
[SourceVersionDate "2022.10.05"]
[SourceQuality "1"]

1. d4 Nf6 2. Nf3 g6 3. g3 Bg7 4. Bg2 d6 5. 0-0 Nbd7 6. Nbd2 c5 7. c3 Rb8 8. dxc5 Nxc5 9. Nd4 Bd7 10. N2b3 Ba4 11. Qe1 Bxb3 12. Nxb3 Nfd7 13. Be3 b6 14. Nd4 Bxd4 15. Bxd4 f6 16. b4 Ne6 17. Be3 Ne5 18. Bd5 Nc7 19. Bb3 e6 20. a4 Ng4 21. Bf4 g5 22. Bc1 f5 23. Qd2 h6 24. Rd1 d5 25. c4 Nf6 26. Bb2 Rh7 27. Bxf6 Qxf6 28. cxd5 Rd8 29. d6 Rhd7 30. Qc2 Na8 31. Rac1 Rxd6 32. Rxd6 Rxd6 33. Qc8+ Qd8 34. Bxe6 f4 35. Qxd8+ Rxd8 36. gxf4 gxf4 37. Kg2 Ke7 38. Bh3 Kf6 39. Kf3 Kg5 40. Rc4 Rf8 41. Be6 Rd8 42. Rxf4 Nc7 43. Bf7 Rf8 44. h4# 1-0

[Event "RUS-ch Silent"]
[Site "Zelenograd "]
[Date "2014.09.24"]
[Round "8"]
[White "Petrenko, Mikhail"]
[Black "Nikitenko, Sergey"]
[Result "1/2-1/2"]
[WhiteElo "1798"]
[BlackElo "1904"]
[PlyCount "101"]
[EventDate "2014.09.19"]
[EventType "swiss"]
[EventRounds "11"]
[EventCountry "RUS"]
[SourceTitle "EXT 2015"]
[Source "ChessBase"]
[SourceDate "2014.11.20"]
[SourceVersion "1"]
[SourceVersionDate "2014.11.20"]
[SourceQuality "1"]

1. e4 e6 2. d4 d5 3. e5 c5 4. c3 Nc6 5. Nf3 Qb6 6. a3 Bd7 7. b4 cxd4 8. cxd4 Rc8 9. Bb2 Nge7 10. Nc3 Nf5 11. Na4 Qc7 12. Rc1 Qd8 13. Nc5 Bxc5 14. Rxc5 a6 15. Bd3 Nh4 16. 0-0 0-0 17. g3 Nxf3+ 18. Qxf3 h6 19. Qg4 Qg5 20. Qf3 f5 21. Bc1 Nxd4 22. Qd1 Qe7 23. Rxc8 Rxc8 24. Bxa6 bxa6 25. Qxd4 Bb5 26. Re1 Rc4 27. Qb6 Rc6 28. Qb8+ Kh7 29. Be3 g5 30. Bc5 Qf7 31. f3 h5 32. Qd8 g4 33. f4 Rc7 34. Rc1 Rd7 35. Qb6 Rb7 36. Qa5 Rc7 37. a4 Bc4 38. Qb6 Qd7 39. Qd6 Rb7 40. a5 Qxd6 41. exd6 Kg8 42. Kf2 Kf7 43. h3 Ke8 44. hxg4 hxg4 45. Rh1 Kd7 46. Rh7+ Kc6 47. Rh6 d4 48. Rh8 Kd5 49. Rc8 Bb5 50. Rh8 Rd7 51. Rh1 1/2-1/2

[Event "RUS-ch Silent"]
[Site "Zelenograd "]
[Date "2014.09.20"]
[Round "2"]
[White "Katorgin, Sergey"]
[Black "Petrenko, Mikhail"]
[Result "1-0"]
[WhiteElo "2028"]
[BlackElo "1798"]
[PlyCount "115"]
[EventDate "2014.09.19"]
[EventType "swiss"]
[EventRounds "11"]
[EventCountry "RUS"]
[SourceTitle "EXT 2015"]
[Source "ChessBase"]
[SourceDate "2014.11.20"]
[SourceVersion "1"]
[SourceVersionDate "2014.11.20"]
[SourceQuality "1"]

1. e4 c5 2. Nf3 d6 3. d4 cxd4 4. Nxd4 Nf6 5. Nc3 a6 6. a4 e6 7. Bd3 Be7 8. 0-0 Qc7 9. h3 Nbd7 10. Be3 b6 11. Nde2 Bb7 12. Ng3 d5 13. exd5 Bxd5 14. Nh5 Nxh5 15. Nxd5 Qe5 16. Nxe7 Kxe7 17. c3 Nhf6 18. Re1 Qc7 19. Qe2 a5 20. Bb5 Rhd8 21. Bd4 Nc5 22. Qe3 h6 23. Rad1 Rd5 24. Bxf6+ Kxf6 25. Rxd5 exd5 26. Qf3+ Kg6 27. b4 axb4 28. cxb4 f6 29. bxc5 Qxc5 30. Bd3+ Kf7 31. Qh5+ Kf8 32. Bb5 Kg8 33. Re8+ Rxe8 34. Qxe8+ Qf8 35. Qxf8+ Kxf8 36. Kf1 Ke7 37. Ke2 Kd6 38. Kd3 Ke5 39. Be8 f5 40. h4 g5 41. hxg5 hxg5 42. Bd7 f4 43. Bg4 Kd6 44. Kd4 Kc6 45. Be6 Kd6 46. Bxd5 g4 47. Ke4 f3 48. g3 Kc5 49. Be6 Kb4 50. Bxg4 Kxa4 51. Bxf3 b5 52. g4 b4 53. Bd1+ Ka3 54. g5 Kb2 55. g6 Kb1 56. g7 Ka1 57. g8Q b3 58. Qa8+ 1-0

[Event "Opatija Silent op"]
[Site "Opatija"]
[Date "2014.06.22"]
[Round "4"]
[White "Petrenko, Mikhail"]
[Black "Beketov, Viktor"]
[Result "1-0"]
[WhiteElo "1706"]
[BlackElo "2042"]
[PlyCount "79"]
[EventDate "2014.06.19"]
[EventType "swiss"]
[EventRounds "9"]
[EventCountry "CRO"]
[SourceTitle "CBM 161 Extra"]
[Source "ChessBase"]
[SourceDate "2014.08.29"]
[SourceVersion "1"]
[SourceVersionDate "2014.08.29"]
[SourceQuality "1"]

1. e4 c5 2. Nf3 d6 3. d4 cxd4 4. Nxd4 Nf6 5. Nc3 g6 6. f3 Bg7 7. Be3 0-0 8. Qd2 Re8 9. Bc4 Nc6 10. Rd1 Nxd4 11. Bxd4 a6 12. 0-0 b5 13. Bb3 Bb7 14. g4 Qc7 15. Bxf6 Bxf6 16. Nd5 Bxd5 17. Bxd5 Rac8 18. c3 Bg7 19. a3 Rf8 20. h4 h6 21. Kg2 Rcd8 22. Qe3 Kh7 23. g5 h5 24. Qf4 Be5 25. Qe3 Bg7 26. f4 Qd7 27. Qf3 f5 28. exf5 Rxf5 29. Be4 Rc5 30. Kg3 Qg4+ 31. Qxg4 hxg4 32. Kxg4 Rc4 33. Bd3 Rc6 34. h5 Rf8 35. Bxg6+ Kg8 36. h6 Bh8 37. Be4 Rc5 38. Bd5+ Kh7 39. Kh5 Rxd5 40. Rxd5 1-0

[Event "Opatija Silent op"]
[Site "Opatija"]
[Date "2014.06.20"]
[Round "2"]
[White "Petrenko, Mikhail"]
[Black "Muratov, Rustem"]
[Result "1-0"]
[WhiteElo "1706"]
[BlackElo "1982"]
[PlyCount "69"]
[EventDate "2014.06.19"]
[EventType "swiss"]
[EventRounds "9"]
[EventCountry "CRO"]
[SourceTitle "CBM 161 Extra"]
[Source "ChessBase"]
[SourceDate "2014.08.29"]
[SourceVersion "1"]
[SourceVersionDate "2014.08.29"]
[SourceQuality "1"]

1. e4 c5 2. Nc3 d6 3. g3 Nf6 4. Bg2 g6 5. Nge2 Bg7 6. d3 Nc6 7. 0-0 0-0 8. h3 a6 9. Be3 Rb8 10. f4 Bd7 11. Qd2 b5 12. a3 a5 13. Nd5 e6 14. Nxf6+ Bxf6 15. c3 Qc8 16. Kh2 a4 17. e5 dxe5 18. Bxc5 Na5 19. Bxf8 Nb3 20. Qe3 Nxa1 21. Bd6 Nb3 22. fxe5 Bg7 23. Qf2 Be8 24. Bxb8 Qxb8 25. d4 Nd2 26. Rd1 Nc4 27. Nf4 Qc7 28. Rf1 Bc6 29. Bxc6 Qxc6 30. Nd3 Qc7 31. Nc5 h6 32. Ne4 h5 33. Ng5 Bh6 34. Nxf7 Be3 35. Qf6 1-0